[Event "marquesdepombal"]
[Site "?"]
[Date "2024.10.06"]
[Round "6.1"]
[White "Faryma, Matviy"]
[Black "Monteiro, Paulo Alexandre Gomes"]
[Result "1/2-1/2"]
[LiveChessVersion "1.4.8"]
[BlackElo "2202"]
[WhiteElo "2115"]

1. e4 {[%clk 1:30:57]} e6 {[%clk 1:18:32]} 2. d3 {[%clk 1:28:16]} d5
{[%clk 1:18:40]} 3. Nd2 {[%clk 1:28:40]} Nf6 {[%clk 1:18:37]} 4. Ngf3
{[%clk 1:28:18]} c5 {[%clk 1:18:17]} 5. g3 {[%clk 1:26:17]} b6 {[%clk 1:16:34]}
6. Qe2 {[%clk 1:25:32]} Be7 {[%clk 1:14:27]} 7. Bg2 {[%clk 1:24:37]} Bb7
{[%clk 1:14:03]} 8. e5 {[%clk 1:21:57]} Nfd7 {[%clk 1:14:14]} 9. h4
{[%clk 1:20:01]} Qc7 {[%clk 1:12:55]} 10. O-O {[%clk 1:19:46]} Nc6
{[%clk 1:13:04]} 11. Re1 {[%clk 1:19:57]} h6 {[%clk 1:08:01]} 12. h5
{[%clk 1:09:02]} O-O-O {[%clk 1:07:45]} 13. c4 {[%clk 1:06:34]} Nf8
{[%clk 0:56:58]} 14. a3 {[%clk 1:04:12]} g6 {[%clk 0:50:05]} 15. cxd5
{[%clk 0:55:30]} Rxd5 {[%clk 0:48:35]} 16. Nc4 {[%clk 0:54:51]} g5
{[%clk 0:36:38]} 17. g4 {[%clk 0:45:42]} Nd7 {[%clk 0:30:54]} 18. b4
{[%clk 0:44:51]} Rd8 {[%clk 0:28:56]} 19. b5 {[%clk 0:42:09]} Nd4
{[%clk 0:28:05]} 20. Nxd4 {[%clk 0:42:28]} Rxd4 {[%clk 0:28:26]} 21. Bb2
{[%clk 0:36:14]} Rf4 {[%clk 0:26:21]} 22. Bc1 {[%clk 0:33:45]} Rd4
{[%clk 0:25:45]} 23. Bb2 {[%clk 0:33:31]} Rf4 {[%clk 0:26:07]} 24. Bc1
{[%clk 0:33:54]} 1/2-1/2

[Event "marquesdepombal"]
[Site "?"]
[Date "2024.10.06"]
[Round "6.2"]
[White "Ryabukhin, Roman"]
[Black "Simoes, Miguel Patricio Caldeira"]
[Result "1-0"]
[LiveChessVersion "1.4.8"]
[BlackElo "2177"]
[WhiteElo "2195"]

1. Nf3 {[%clk 1:28:02]} Nf6 {[%clk 1:30:40]} 2. b3 {[%clk 1:28:26]} d5
{[%clk 1:27:50]} 3. Bb2 {[%clk 1:28:40]} c5 {[%clk 1:26:34]} 4. e3
{[%clk 1:29:07]} e6 {[%clk 1:24:33]} 5. d4 {[%clk 1:27:59]} Nc6 {[%clk 1:20:33]}
6. Bd3 {[%clk 1:25:33]} Qc7 {[%clk 1:14:46]} 7. O-O {[%clk 1:25:23]} cxd4
{[%clk 1:09:48]} 8. exd4 {[%clk 1:25:29]} Bd6 {[%clk 1:09:51]} 9. c4
{[%clk 1:21:10]} Nb4 {[%clk 1:03:13]} 10. Nc3 {[%clk 1:10:00]} Bd7
{[%clk 0:59:57]} 11. Be2 {[%clk 1:02:18]} dxc4 {[%clk 0:53:51]} 12. bxc4
{[%clk 1:02:29]} O-O {[%clk 0:51:14]} 13. a3 {[%clk 1:01:44]} Na6
{[%clk 0:48:47]} 14. Qb3 {[%clk 0:50:45]} Bc6 {[%clk 0:43:11]} 15. Nb5
{[%clk 0:50:01]} Bxb5 {[%clk 0:43:19]} 16. cxb5 {[%clk 0:44:44]} Qb6
{[%clk 0:39:51]} 17. Nd2 {[%clk 0:43:39]} Nb8 {[%clk 0:37:50]} 18. Bf3
{[%clk 0:33:51]} Bf4 {[%clk 0:35:24]} 19. Nc4 {[%clk 0:34:07]} Qc7
{[%clk 0:35:33]} 20. g3 {[%clk 0:34:31]} Bh6 {[%clk 0:35:53]} 21. Bc1
{[%clk 0:31:25]} Bxc1 {[%clk 0:34:54]} 22. Raxc1 {[%clk 0:31:49]} Nbd7
{[%clk 0:34:59]} 23. Qb4 {[%clk 0:27:09]} Nd5 {[%clk 0:32:00]} 24. Bxd5
{[%clk 0:23:13]} exd5 {[%clk 0:32:14]} 25. Ne3 {[%clk 0:23:40]} Qd8
{[%clk 0:32:27]} 26. Nxd5 {[%clk 0:23:15]} Qg5 {[%clk 0:32:55]} 27. Ne7+
{[%clk 0:19:38]} Kh8 {[%clk 0:33:12]} 28. Rc7 {[%clk 0:19:54]} Nf6
{[%clk 0:32:32]} 29. Rxb7 {[%clk 0:18:33]} Ne4 {[%clk 0:32:28]} 30. d5
{[%clk 0:17:31]} f5 {[%clk 0:32:25]} 31. Qd4 {[%clk 0:16:02]} Nd6
{[%clk 0:30:23]} 32. Rxa7 {[%clk 0:13:14]} Rae8 {[%clk 0:30:47]} 33. Qf4
{[%clk 0:09:28]} Qxf4 {[%clk 0:29:38]} 34. gxf4 Nxb5 {[%clk 0:30:06]} 35. Rb7
{[%clk 0:09:13]} Nd4 {[%clk 0:27:09]} 36. d6 {[%clk 0:03:41]} Rd8
{[%clk 0:27:11]} 37. d7 {[%clk 0:03:43]} Rf7 {[%clk 0:26:35]} 38. Rd1
{[%clk 0:04:08]} Ne2+ {[%clk 0:27:01]} 39. Kf1 {[%clk 0:04:26]} Rxe7
{[%clk 0:25:28]} 40. Rb8 {[%clk 0:04:46]} Rxb8 {[%clk 0:25:35]} 41. d8=Q+
{[%clk 0:04:59]} Re8 {[%clk 0:26:00]} 42. Qd2 {[%clk 0:03:49]} g5
{[%clk 0:25:25]} 43. fxg5 {[%clk 0:03:13]} f4 {[%clk 0:25:54]} 44. Qd5
{[%clk 0:02:36]} Rbc8 {[%clk 0:24:46]} 45. Re1 {[%clk 0:01:59]} Rc3
{[%clk 0:24:07]} 46. Qf7 {[%clk 0:01:37]} Rec8 {[%clk 0:22:42]} 47. Rxe2
{[%clk 0:01:55]} f3 {[%clk 0:23:08]} 48. Re8+ {[%clk 0:02:16]} Rxe8
{[%clk 0:23:36]} 49. Qxe8+ {[%clk 0:02:45]} Kg7 {[%clk 0:24:00]} 50. Qe5+
{[%clk 0:03:12]} 1-0

[Event "marquesdepombal"]
[Site "?"]
[Date "2024.10.06"]
[Round "6.3"]
[White "Veiga, Jose Francisco"]
[Black "Negrao, Alberto Rodolfo De Almeida"]
[Result "1-0"]
[LiveChessVersion "1.4.8"]
[BlackElo "1894"]
[WhiteElo "2412"]

1. d4 {[%clk 1:18:18]} d5 {[%clk 1:21:33]} 2. Nf3 {[%clk 1:18:16]} e6
{[%clk 1:21:12]} 3. Bf4 {[%clk 1:18:27]} c5 {[%clk 1:20:07]} 4. e3
{[%clk 1:18:51]} Nc6 {[%clk 1:18:40]} 5. c3 {[%clk 1:19:12]} Nf6 {[%clk 1:18:18]}
6. Bd3 {[%clk 1:19:06]} Bd6 {[%clk 1:15:35]} 7. Bg3 {[%clk 1:19:22]} O-O
{[%clk 1:15:27]} 8. Nbd2 {[%clk 1:19:19]} cxd4 {[%clk 1:09:44]} 9. exd4
{[%clk 1:19:31]} Qc7 {[%clk 1:09:23]} 10. Qe2 {[%clk 1:18:12]} e5
{[%clk 0:45:08]} 11. Nxe5 {[%clk 1:18:18]} Bxe5 {[%clk 0:44:53]} 12. dxe5
{[%clk 1:17:42]} Re8 {[%clk 0:44:46]} 13. f4 {[%clk 1:15:52]} Bg4
{[%clk 0:41:48]} 14. Nf3 {[%clk 1:12:18]} h6 {[%clk 0:33:12]} 15. h3
{[%clk 1:09:12]} Bh5 {[%clk 0:30:29]} 16. O-O {[%clk 1:08:49]} Nd7
{[%clk 0:28:56]} 17. Bh2 {[%clk 1:07:36]} f6 {[%clk 0:25:56]} 18. g4
{[%clk 1:07:31]} fxe5 {[%clk 0:21:43]} 19. fxe5 {[%clk 1:07:03]} Bf7
{[%clk 0:19:54]} 20. Rae1 {[%clk 1:06:18]} Be6 {[%clk 0:18:49]} 21. Nd4
{[%clk 1:05:51]} Qb6 {[%clk 0:18:05]} 22. Qe3 {[%clk 1:05:11]} Nxd4
{[%clk 0:16:30]} 23. cxd4 {[%clk 1:05:37]} Qxb2 {[%clk 0:16:34]} 24. Rb1
{[%clk 1:05:52]} Qxa2 {[%clk 0:16:28]} 25. Ra1 {[%clk 1:06:18]} 1-0

[Event "marquesdepombal"]
[Site "?"]
[Date "2024.10.06"]
[Round "6.4"]
[White "Goncalves, Samuel Jesus Pereira"]
[Black "Araujo, Ricardo Franca Paulo Duarte"]
[Result "1-0"]
[LiveChessVersion "1.4.8"]
[BlackElo "1963"]
[WhiteElo "2240"]

1. e4 {[%clk 1:29:46]} c5 {[%clk 1:30:50]} 2. Nf3 {[%clk 1:30:09]} e6
{[%clk 1:31:13]} 3. c3 {[%clk 1:30:34]} Nf6 {[%clk 1:31:29]} 4. e5
{[%clk 1:30:59]} Nd5 {[%clk 1:31:53]} 5. d4 {[%clk 1:31:24]} cxd4
{[%clk 1:32:11]} 6. cxd4 {[%clk 1:31:48]} Nc6 {[%clk 1:32:26]} 7. Bc4
{[%clk 1:32:11]} d6 {[%clk 1:32:46]} 8. O-O {[%clk 1:32:35]} Be7 {[%clk 1:33:01]}
9. Qe2 {[%clk 1:32:59]} O-O {[%clk 1:33:12]} 10. Nc3 {[%clk 1:33:23]} Nxc3
{[%clk 1:33:14]} 11. bxc3 {[%clk 1:33:48]} dxe5 {[%clk 1:33:27]} 12. dxe5
{[%clk 1:34:11]} Qc7 {[%clk 1:33:21]} 13. Bd3 {[%clk 1:34:32]} g6
{[%clk 1:31:51]} 14. h4 {[%clk 1:33:00]} b6 {[%clk 1:29:05]} 15. h5
{[%clk 1:32:10]} Bb7 {[%clk 1:28:04]} 16. Re1 {[%clk 1:22:05]} Rfd8
{[%clk 1:23:12]} 17. Be4 {[%clk 1:19:45]} Na5 {[%clk 1:17:11]} 18. Ng5
{[%clk 1:11:45]} Bxe4 {[%clk 1:08:10]} 19. Qxe4 {[%clk 1:10:49]} Qxc3
{[%clk 0:55:18]} 20. Be3 {[%clk 1:09:10]} Qd3 {[%clk 0:52:30]} 21. hxg6
{[%clk 1:04:19]} Qxe4 {[%clk 0:50:57]} 22. gxf7+ {[%clk 1:04:20]} Kf8
{[%clk 0:50:59]} 23. Nxe4 {[%clk 1:04:43]} Kxf7 {[%clk 0:50:57]} 24. Ng5+
{[%clk 1:00:37]} Bxg5 {[%clk 0:51:12]} 25. Bxg5 {[%clk 1:01:04]} Rd4
{[%clk 0:49:37]} 26. Rad1 {[%clk 0:57:57]} Rxd1 {[%clk 0:47:43]} 27. Rxd1
{[%clk 0:58:25]} Kg6 {[%clk 0:47:41]} 28. Bf4 {[%clk 0:58:35]} Rf8
{[%clk 0:46:43]} 29. Bg3 {[%clk 0:58:25]} Rf7 {[%clk 0:45:49]} 30. Rd4
{[%clk 0:56:04]} Kf5 {[%clk 0:40:19]} 31. Kh2 {[%clk 0:53:45]} Nc6
{[%clk 0:37:53]} 32. Rc4 {[%clk 0:53:46]} Na5 {[%clk 0:26:26]} 33. Rf4+
{[%clk 0:53:35]} Kg6 {[%clk 0:26:47]} 34. Rg4+ {[%clk 0:53:52]} Kf5
{[%clk 0:26:01]} 35. Kh3 {[%clk 0:54:04]} h5 {[%clk 0:24:28]} 36. Rf4+
{[%clk 0:54:10]} Kg6 {[%clk 0:24:51]} 37. Rd4 {[%clk 0:54:34]} Rc7
{[%clk 0:23:53]} 38. Rd8 {[%clk 0:53:57]} Nc6 {[%clk 0:23:19]} 39. Ra8
{[%clk 0:44:05]} Nb4 {[%clk 0:16:41]} 40. Rf8 {[%clk 0:38:51]} Rf7
{[%clk 0:14:41]} 41. Re8 {[%clk 0:39:15]} Kf5 {[%clk 0:13:01]} 42. a3
{[%clk 0:38:13]} Nd3 {[%clk 0:12:49]} 43. Rh8 {[%clk 0:38:14]} Nf4+
{[%clk 0:10:29]} 44. Kh2 {[%clk 0:37:39]} Kxe5 {[%clk 0:09:44]} 45. Rxh5+
{[%clk 0:38:00]} Rf5 {[%clk 0:09:38]} 46. Rh7 {[%clk 0:37:47]} Kd4
{[%clk 0:07:36]} 47. Bxf4 {[%clk 0:35:27]} Rxf4 {[%clk 0:07:59]} 48. Kg3
{[%clk 0:35:53]} Rf5 {[%clk 0:07:46]} 49. Rxa7 {[%clk 0:36:17]} Kc4
{[%clk 0:07:33]} 50. Re7 {[%clk 0:34:52]} Rg5+ {[%clk 0:07:02]} 51. Kh3
{[%clk 0:34:26]} Re5 {[%clk 0:06:58]} 52. g4 {[%clk 0:32:46]} Kb3
{[%clk 0:07:00]} 53. Ra7 {[%clk 0:32:22]} Re1 {[%clk 0:07:04]} 54. f4
{[%clk 0:32:21]} Rf1 {[%clk 0:06:59]} 55. Kg3 {[%clk 0:32:36]} Rg1+
{[%clk 0:07:16]} 56. Kh4 {[%clk 0:33:00]} Rh1+ {[%clk 0:06:59]} 57. Kg5
{[%clk 0:33:18]} Kc4 {[%clk 0:06:43]} 58. Re7 {[%clk 0:31:34]} Kd5
{[%clk 0:07:00]} 59. Rd7+ {[%clk 0:31:56]} Kc4 {[%clk 0:05:58]} 60. Rd6
{[%clk 0:32:09]} Kc5 {[%clk 0:05:51]} 61. Rxe6 Rh3 {[%clk 0:06:11]} 62. f5
{[%clk 0:32:12]} Rxa3 {[%clk 0:06:27]} 63. f6 {[%clk 0:32:36]} Rf3
{[%clk 0:06:30]} 64. Re5+ {[%clk 0:32:25]} Kd6 {[%clk 0:06:24]} 65. Rb5
{[%clk 0:32:49]} Kc6 {[%clk 0:06:34]} 66. Rf5 {[%clk 0:33:07]} Rxf5+
{[%clk 0:06:54]} 67. Kxf5 {[%clk 0:33:22]} Kd7 {[%clk 0:07:18]} 68. g5
{[%clk 0:33:29]} b5 {[%clk 0:07:42]} 69. Ke5 {[%clk 0:33:54]} b4 {[%clk 0:08:01]}
70. Ke4 1-0

[Event "marquesdepombal"]
[Site "?"]
[Date "2024.10.06"]
[Round "6.5"]
[White "Godinho Marques, Pedro"]
[Black "Ribeiro, Gustavo Martins Santos"]
[Result "0-1"]
[LiveChessVersion "1.4.8"]
[BlackElo "2235"]
[WhiteElo "1835"]

1. Nf3 {[%clk 1:19:49]} Nf6 {[%clk 1:27:22]} 2. d4 {[%clk 1:19:52]} d5
{[%clk 1:27:27]} 3. e3 {[%clk 1:19:02]} e6 {[%clk 1:27:42]} 4. Bd3
{[%clk 1:18:48]} c5 {[%clk 1:28:01]} 5. c3 {[%clk 1:18:56]} Bd6 {[%clk 1:28:10]}
6. Nbd2 {[%clk 1:16:23]} Nbd7 {[%clk 1:28:22]} 7. O-O {[%clk 1:07:05]} O-O
{[%clk 1:28:41]} 8. Re1 {[%clk 1:03:36]} e5 {[%clk 1:19:46]} 9. e4
{[%clk 0:51:03]} dxe4 {[%clk 1:01:37]} 10. Nxe4 {[%clk 0:50:01]} Nxe4
{[%clk 1:02:03]} 11. Rxe4 {[%clk 0:45:23]} exd4 {[%clk 0:57:16]} 12. Rh4
{[%clk 0:25:25]} g6 {[%clk 0:57:32]} 13. Ng5 {[%clk 0:22:10]} Be7
{[%clk 0:57:26]} 14. Qd2 {[%clk 0:10:48]} dxc3 {[%clk 0:56:23]} 15. Qe3
{[%clk 0:05:59]} cxb2 {[%clk 0:55:21]} 16. Bxb2 {[%clk 0:05:18]} Bxg5
{[%clk 0:55:14]} 17. Rxh7 {[%clk 0:04:31]} Kxh7 {[%clk 0:55:35]} 18. Qh3+
{[%clk 0:04:40]} Bh4 {[%clk 0:55:59]} 19. Re1 {[%clk 0:04:24]} Ne5
{[%clk 0:56:18]} 20. Rxe5 {[%clk 0:04:23]} Kg8 {[%clk 0:55:42]} 21. Qf3
{[%clk 0:02:37]} Bg4 {[%clk 0:55:05]} 22. Qe4 {[%clk 0:02:20]} Bf6
{[%clk 0:54:36]} 23. Rd5 {[%clk 0:02:02]} Bxb2 {[%clk 0:54:37]} 24. Rxd8
{[%clk 0:01:24]} Rc8 25. Rxf8+ {[%clk 0:00:40]} Rxf8 {[%clk 0:55:00]} 0-1

[Event "marquesdepombal"]
[Site "?"]
[Date "2024.10.06"]
[Round "6.6"]
[White "Faryma, Maksym"]
[Black "Gori, Andrea"]
[Result "1-0"]
[LiveChessVersion "1.4.8"]
[BlackElo "1978"]
[WhiteElo "1954"]

1. e4 {[%clk 1:27:29]} e5 {[%clk 1:30:05]} 2. Nf3 {[%clk 1:27:52]} Nc6
{[%clk 1:30:28]} 3. Bc4 {[%clk 1:28:12]} Bc5 {[%clk 1:30:13]} 4. d3
{[%clk 1:28:35]} Nf6 {[%clk 1:30:33]} 5. h3 {[%clk 1:28:53]} O-O {[%clk 1:30:22]}
6. Nc3 {[%clk 1:29:11]} a6 {[%clk 1:30:25]} 7. a4 Be7 {[%clk 1:27:25]} 8. O-O
{[%clk 1:26:46]} d6 {[%clk 1:27:47]} 9. d4 {[%clk 1:25:59]} h6 {[%clk 1:21:47]}
10. Be3 {[%clk 1:24:03]} Re8 {[%clk 1:18:30]} 11. d5 {[%clk 1:18:43]} Nb8
{[%clk 1:18:25]} 12. Bd3 {[%clk 1:17:31]} c5 {[%clk 1:15:14]} 13. Nd2
{[%clk 1:17:05]} Bf8 {[%clk 1:09:27]} 14. f4 {[%clk 1:10:08]} Nbd7
{[%clk 1:07:04]} 15. f5 {[%clk 1:10:06]} Qc7 {[%clk 1:06:43]} 16. Qf3
{[%clk 1:05:25]} Rb8 {[%clk 1:05:32]} 17. a5 {[%clk 1:04:33]} Ra8
{[%clk 1:00:22]} 18. Kh2 {[%clk 1:02:31]} b5 {[%clk 0:58:19]} 19. axb6
{[%clk 1:02:40]} Nxb6 {[%clk 0:57:30]} 20. g4 {[%clk 1:01:54]} Nh7
{[%clk 0:57:03]} 21. b3 {[%clk 0:52:02]} Bb7 {[%clk 0:52:20]} 22. Qe2
{[%clk 0:49:38]} Qc8 {[%clk 0:48:28]} 23. Na4 {[%clk 0:49:02]} Nd7
{[%clk 0:44:33]} 24. Nc4 {[%clk 0:46:11]} Qc7 {[%clk 0:41:03]} 25. Bd2
{[%clk 0:45:57]} Nb8 {[%clk 0:37:55]} 26. Rfb1 {[%clk 0:45:06]} Ra7
{[%clk 0:35:20]} 27. Ba5 {[%clk 0:37:52]} Qe7 {[%clk 0:35:27]} 28. b4
{[%clk 0:36:04]} Bxd5 {[%clk 0:30:06]} 29. bxc5 {[%clk 0:34:31]} Bxc4
{[%clk 0:27:48]} 30. Bxc4 {[%clk 0:34:21]} Nc6 {[%clk 0:23:55]} 31. Bb6
{[%clk 0:31:58]} Nd4 {[%clk 0:18:32]} 32. Qf2 {[%clk 0:31:11]} Raa8
{[%clk 0:17:11]} 33. c3 {[%clk 0:31:16]} Nb5 {[%clk 0:16:58]} 34. Bd5
{[%clk 0:26:23]} Rac8 {[%clk 0:15:05]} 35. c6 {[%clk 0:26:38]} Qg5
{[%clk 0:14:33]} 36. Be3 {[%clk 0:26:02]} Qf6 {[%clk 0:12:22]} 37. Qd2
{[%clk 0:26:06]} Nc7 {[%clk 0:11:33]} 38. c4 {[%clk 0:26:02]} Ng5
{[%clk 0:10:52]} 39. Bxg5 {[%clk 0:25:41]} Qxg5 {[%clk 0:07:00]} 40. Qxg5
{[%clk 0:26:00]} hxg5 {[%clk 0:07:22]} 41. Rb7 {[%clk 0:26:23]} Be7
{[%clk 0:03:15]} 42. Rab1 {[%clk 0:26:24]} Bd8 {[%clk 0:03:24]} 43. Nb6
{[%clk 0:26:29]} Nxd5 {[%clk 0:03:13]} 44. Nxc8 {[%clk 0:26:50]} Nc3
{[%clk 0:03:26]} 45. Nxd6 1-0

[Event "marquesdepombal"]
[Site "?"]
[Date "2024.10.06"]
[Round "6.7"]
[White "Silva, Reinaldo Joao David"]
[Black "Goncalves, Diogo Figueiredo"]
[Result "0-1"]
[LiveChessVersion "1.4.8"]
[BlackElo "1968"]
[WhiteElo "1827"]

1. Nf3 Nf6 2. g3 g6 3. Bg2 Bg7 4. O-O O-O 5. d4 d5 6. b3 Nc6 7. Bb2 a5 8. Nbd2 a4
9. bxa4 Ne4 10. c3 e5 11. e3 Bg4 12. Qc2 Bf5 13. Nxe4 Bxe4 14. Qd1 h5 15. h4 Re8
16. Re1 Bxf3 17. Bxf3 e4 18. Be2 Na5 19. Rc1 Nc4 20. Bxc4 dxc4 21. Rb1 Qd7 22.
Bc1 Rxa4 23. Rxb7 Rxa2 24. Rb2 Rxb2 25. Bxb2 Ra8 26. Qc2 Qg4 27. Ra1 Rxa1+ 28.
Bxa1 g5 29. hxg5 h4 30. g6 hxg3 31. gxf7+ Kxf7 32. fxg3 Qxg3+ 33. Qg2 Qxe3+ 34.
Qf2+ Qxf2+ 35. Kxf2 Ke6 36. Bb2 Bh6 37. Ba3 Kf5 38. Ke2 Bf4 39. Bf8 Bc1 40. Kd1
Bb2 41. Kc2 e3 42. Bh6 e2 43. Bd2 Ba3 44. Be1 Ke4 45. Kd2 Kf3 46. Bh4 Bd6 47. d5
Bf4+ 48. Ke1 Ke3 49. d6 Bxd6 50. Bf2+ Kd3 51. Bh4 Be5 0-1

[Event "marquesdepombal"]
[Site "?"]
[Date "2024.10.06"]
[Round "6.8"]
[White "Assuncao, Francisco Daniel Costa"]
[Black "Neto, Dinis Fonseca"]
[Result "*"]
[LiveChessVersion "1.4.8"]
[BlackElo "1792"]
[WhiteElo "1967"]

1. Nf3 Nf6 2. c4 e6 3. g3 Be7 4. Bg2 O-O 5. O-O d5 6. d4 dxc4 7. Ne5 Nc6 8. Nxc6
bxc6 9. Bxc6 Rb8 10. Nc3 Qd6 11. Bg2 Qb6 12. Na4 Qa6 13. Qc2 Bb7 14. Bxb7 Rxb7
15. Rd1 Rb4 16. Nc3 Rfb8 17. e4 Nd7 18. f4 Bf8 19. Qe2 Nb6 20. d5 Na4 21. dxe6
fxe6 22. Nxa4 Qxa4 23. a3 Rb3 24. Kg2 c3 25. bxc3 Rxc3 26. Ra2 Bxa3 27. Bxa3 Rxa3
28. Rc2 Re3 29. Qxe3 Qxc2+ 30. Rd2 Qa4 31. Kh3 Qa1 32. Qc5 Qf1+ 33. Kh4 h6 34.
Rd7 Rb2 35. Rxg7+ Kxg7 36. Qe7+ Kh8 37. Qf6+ Kh7 38. Qxb2 Qf3 39. Qe5 h5 40. h3
c6 41. Qxe6 c5 42. Qe7+ Kg8 43. Qg5+ Kh7 44. Qxc5 Qxe4 45. Qxa7+ Kg6 46. Qb6+ Kg7
47. Qc7+ Kg6 48. Qd6+ Kh7 *

[Event "marquesdepombal"]
[Site "?"]
[Date "2024.10.06"]
[Round "6.9"]
[White "Moldovan, Lucas Gabriel"]
[Black "Gomes, Micael Bouca"]
[Result "1-0"]
[LiveChessVersion "1.4.8"]
[BlackElo "1769"]
[WhiteElo "1998"]

1. e4 {[%clk 1:30:32]} c6 {[%clk 1:30:37]} 2. d4 {[%clk 1:30:42]} d5
{[%clk 1:30:59]} 3. exd5 {[%clk 1:31:07]} cxd5 {[%clk 1:31:16]} 4. Bd3
{[%clk 1:31:32]} Nc6 {[%clk 1:31:33]} 5. c3 {[%clk 1:31:40]} Nf6 {[%clk 1:31:45]}
6. Bf4 {[%clk 1:31:38]} g6 {[%clk 1:30:29]} 7. Nd2 {[%clk 1:30:38]} Bg7
{[%clk 1:30:45]} 8. Ngf3 {[%clk 1:27:42]} O-O {[%clk 1:28:51]} 9. Ne5
{[%clk 1:25:05]} Nh5 {[%clk 1:28:30]} 10. Nxc6 {[%clk 1:25:14]} bxc6
{[%clk 1:28:48]} 11. Be3 {[%clk 1:24:20]} e5 {[%clk 1:20:38]} 12. dxe5
{[%clk 1:24:20]} Bxe5 {[%clk 1:20:38]} 13. Nf3 {[%clk 1:24:20]} Bg7
{[%clk 1:20:38]} 14. O-O Qd6 15. Qd2 {[%clk 1:10:08]} Re8 {[%clk 1:14:53]} 16.
Rfe1 {[%clk 1:07:41]} Bd7 {[%clk 1:11:31]} 17. Rad1 {[%clk 1:02:51]} a5
{[%clk 1:10:10]} 18. Be2 {[%clk 1:01:41]} Nf6 {[%clk 1:08:20]} 19. Bf4
{[%clk 0:57:43]} Qc5 {[%clk 1:02:38]} 20. Qd4 {[%clk 0:49:04]} Qxd4
{[%clk 0:57:51]} 21. cxd4 {[%clk 0:45:52]} Bg4 {[%clk 0:37:27]} 22. h3
{[%clk 0:41:36]} Bxf3 {[%clk 0:34:44]} 23. Bxf3 {[%clk 0:41:43]} Rxe1+
{[%clk 0:31:20]} 24. Rxe1 {[%clk 0:42:10]} Re8 {[%clk 0:29:16]} 25. Bd2
{[%clk 0:41:29]} Rb8 {[%clk 0:27:37]} 26. Bc3 {[%clk 0:38:40]} Ne8
{[%clk 0:27:05]} 27. Bg4 {[%clk 0:36:53]} f5 {[%clk 0:26:53]} 28. Bd1
{[%clk 0:37:19]} Kf7 {[%clk 0:27:04]} 29. Ba4 {[%clk 0:37:40]} Rc8
{[%clk 0:26:05]} 30. Rd1 {[%clk 0:37:39]} Nd6 {[%clk 0:24:09]} 31. Bxa5
{[%clk 0:37:23]} Ra8 {[%clk 0:22:25]} 32. b4 {[%clk 0:37:07]} Ra6
{[%clk 0:22:05]} 33. Bc2 {[%clk 0:35:02]} Nb7 {[%clk 0:08:29]} 34. Bd3
{[%clk 0:35:02]} Ra8 {[%clk 0:08:29]} 35. Bb6 {[%clk 0:35:02]} Rxa2
{[%clk 0:08:29]} 36. Rc1 {[%clk 0:34:08]} Nd6 {[%clk 0:08:29]} 37. Rxc6
{[%clk 0:34:06]} Ke6 {[%clk 0:06:06]} 38. Bc5 {[%clk 0:32:44]} Bf8
{[%clk 0:05:55]} 39. Ba6 {[%clk 0:32:45]} Kd7 {[%clk 0:05:17]} 40. b5
{[%clk 0:32:20]} Ra1+ {[%clk 0:04:37]} 41. Kh2 {[%clk 0:32:49]} Rb1
{[%clk 0:04:42]} 42. g3 {[%clk 0:30:20]} Be7 {[%clk 0:04:50]} 43. Bxd6
{[%clk 0:30:15]} Bxd6 {[%clk 0:05:08]} 44. Bc8+ {[%clk 0:30:43]} Ke7
{[%clk 0:05:20]} 45. b6 {[%clk 0:31:02]} Rb2 {[%clk 0:05:05]} 46. Kg2
{[%clk 0:31:26]} Rb4 {[%clk 0:04:49]} 47. b7 {[%clk 0:31:30]} Rb2
{[%clk 0:04:45]} 48. Ra6 {[%clk 0:31:30]} Rb4 {[%clk 0:04:55]} 49. Kf3
{[%clk 0:31:28]} Rb3+ {[%clk 0:04:54]} 50. Ke2 {[%clk 0:31:50]} Rb2+
{[%clk 0:04:38]} 51. Kd3 {[%clk 0:30:58]} Rb5 {[%clk 0:04:43]} 52. Kc3
{[%clk 0:30:31]} Bb4+ {[%clk 0:04:35]} 53. Kc2 {[%clk 0:27:13]} Bd6
{[%clk 0:03:57]} 54. Ra4 {[%clk 0:26:57]} Kd8 {[%clk 0:02:55]} 55. h4
{[%clk 0:26:00]} Ke7 {[%clk 0:01:59]} 56. Ra1 {[%clk 0:24:23]} Kd8
{[%clk 0:01:43]} 57. Rb1 {[%clk 0:24:06]} Rxb1 {[%clk 0:01:41]} 58. Kxb1
{[%clk 0:24:35]} Kc7 {[%clk 0:01:51]} 59. Kc2 {[%clk 0:24:57]} Bb4
{[%clk 0:01:33]} 60. Kd3 {[%clk 0:25:25]} Be1 {[%clk 0:01:40]} 61. Ke3
{[%clk 0:25:53]} Bc3 {[%clk 0:01:35]} 62. Be6 {[%clk 0:25:48]} Kxb7
{[%clk 0:01:12]} 63. Bxd5+ {[%clk 0:26:17]} Kc7 {[%clk 0:01:35]} 64. Bg8
{[%clk 0:26:44]} Kd6 {[%clk 0:01:00]} 65. Bxh7 {[%clk 0:27:00]} Kd5
{[%clk 0:01:03]} 66. Bg8+ {[%clk 0:24:12]} Kd6 {[%clk 0:01:20]} 67. Bf7
{[%clk 0:24:29]} 1-0

[Event "marquesdepombal"]
[Site "?"]
[Date "2024.10.06"]
[Round "6.10"]
[White "Morais, Vitor Mestre"]
[Black "Bittner, Titus Teodor"]
[Result "1/2-1/2"]
[LiveChessVersion "1.4.8"]
[BlackElo "1905"]
[WhiteElo "1842"]

1. Nf3 {[%clk 1:30:30]} c5 {[%clk 1:30:30]} 2. g3 {[%clk 1:31:17]} Nc6
{[%clk 1:30:40]} 3. Bg2 {[%clk 1:31:39]} g6 {[%clk 1:31:01]} 4. c4
{[%clk 1:31:57]} Bg7 {[%clk 1:31:25]} 5. Nc3 {[%clk 1:32:18]} d6 {[%clk 1:30:59]}
6. O-O {[%clk 1:32:38]} e5 {[%clk 1:30:45]} 7. d3 {[%clk 1:32:59]} Nge7
{[%clk 1:30:55]} 8. Rb1 O-O {[%clk 1:30:41]} 9. a3 {[%clk 1:33:37]} a5
{[%clk 1:30:54]} 10. Bd2 {[%clk 1:33:26]} h6 {[%clk 1:22:24]} 11. Ne1
{[%clk 1:33:39]} f5 {[%clk 1:16:37]} 12. e3 {[%clk 1:33:39]} g5 {[%clk 1:14:33]}
13. f4 {[%clk 1:30:56]} g4 {[%clk 1:11:02]} 14. Nc2 {[%clk 1:30:43]} Be6
{[%clk 1:02:59]} 15. Nd5 {[%clk 1:30:43]} exf4 {[%clk 0:54:49]} 16. Nxf4
{[%clk 1:30:52]} Bf7 {[%clk 0:54:52]} 17. Nd5 {[%clk 1:30:48]} Bxd5
{[%clk 0:46:04]} 18. cxd5 {[%clk 1:30:59]} Ne5 {[%clk 0:44:37]} 19. Bc3
{[%clk 1:31:19]} N7g6 {[%clk 0:39:59]} 20. d4 {[%clk 1:28:07]} Nd7
{[%clk 0:39:16]} 21. Qd3 {[%clk 1:27:47]} Qg5 {[%clk 0:35:08]} 22. Rbe1
{[%clk 1:28:02]} b6 {[%clk 0:31:20]} 23. Rf2 {[%clk 1:26:52]} Rae8
{[%clk 0:28:37]} 24. Ref1 {[%clk 1:26:48]} Ne7 {[%clk 0:28:09]} 25. b4
{[%clk 1:24:31]} axb4 {[%clk 0:28:10]} 26. axb4 {[%clk 1:24:50]} Rc8
{[%clk 0:22:56]} 27. dxc5 {[%clk 1:23:03]} bxc5 {[%clk 0:22:33]} 28. Bxg7
{[%clk 1:23:21]} Qxg7 {[%clk 0:21:57]} 29. bxc5 {[%clk 1:22:42]} Nxc5
{[%clk 0:22:10]} 30. Qd4 {[%clk 1:22:47]} Qxd4 {[%clk 0:16:26]} 31. Nxd4
{[%clk 1:23:02]} Ne4 {[%clk 0:15:36]} 32. Rb2 {[%clk 1:21:15]} Rb8
{[%clk 0:13:45]} 33. Rxb8 {[%clk 1:20:26]} Rxb8 {[%clk 0:14:14]} 34. Nxf5
{[%clk 1:20:26]} Nxf5 {[%clk 0:14:36]} 35. Rxf5 {[%clk 1:20:26]} Rb1+
{[%clk 0:14:57]} 36. Rf1 {[%clk 1:20:39]} Rxf1+ {[%clk 0:14:22]} 37. Kxf1
{[%clk 1:20:49]} Ng5 {[%clk 0:14:19]} 38. Ke2 {[%clk 1:21:04]} Kf7
{[%clk 0:14:04]} 39. e4 {[%clk 1:21:05]} Kf6 {[%clk 0:14:11]} 40. Ke3
{[%clk 1:21:19]} Ke5 {[%clk 0:14:33]} 1/2-1/2